Historia de la fealdad
Uloženo v:
| Hlavní autor: | |
|---|---|
| Médium: | Kniha |
| Jazyk: | španělština |
| Vydáno: |
Barcelona
Lumen
2007
Barcelona Random House Mondadori 2007 |
| Vydání: | 1a. ed |
| Témata: | |
| Tagy: |
Přidat tag
Žádné tagy, Buďte první, kdo vytvoří štítek k tomuto záznamu!
|
MARC
| LEADER | 00000nam a2200000 a 4500 | ||
|---|---|---|---|
| 001 | UCG4843 | ||
| 003 | CL-VaPUC | ||
| 008 | 101209e20070000sp |||||||||||||||||spa|d | ||
| 020 | |a 9788426416346 | ||
| 082 | 0 | 4 | |a 700 |b ECO |2 21 |
| 100 | 0 | |a Eco, Umberto |e author |9 554305 | |
| 245 | 1 | 0 | |a Historia de la fealdad |
| 250 | |a 1a. ed | ||
| 300 | |a 454 p | ||
| 942 | |c BK | ||
| 945 | |d 20101209 00:00:00 |a cmena | ||
| 260 | |a Barcelona |b Lumen |c 2007 | ||
| 260 | |a Barcelona |b Random House Mondadori |c 2007 | ||
| 650 | 0 | |a Estética |9 264950 | |
| 650 | 0 | |a Historia del arte |9 314877 | |
| 650 | 0 | |a Cultura |9 269059 | |
| 650 | 0 | |a Belleza |9 265712 | |
| 650 | 7 | |a CIVILIZACION OCCIDENTAL |2 CL-VaPUC |9 315932 | |
| 650 | 0 | |a Antropología cultural y social |9 265143 | |
| 583 | |a last modification |c 20171121 03:27:31 |k Rodrigo Vera | ||
| 999 | |c 343451 |d 343449 | ||
| 952 | |0 0 |1 0 |4 0 |6 700_000000000000000_ECO_2007_2007 |7 0 |8 A |9 440760 |a BIBCUR |b BIBCUR |d 2019-11-22 |i 449461K |l 2 |o 700 ECO 2007 2007 |p 449461K |r 2025-04-22 |s 2022-08-24 |w 2019-11-22 |y BK |k BCB | ||